English for international tourism : Pre-intermadiate Students' book

Guardat en:
Dades bibliogràfiques
Autor principal: Dubicka, Iwonna
Format: Llibre
Idioma:Undetermined
Publicat: Harlow, England Pearson Education Limited 2003
Matèries:
Etiquetes: Afegir etiqueta
Sense etiquetes, Sigues el primer a etiquetar aquest registre!
Thư viện lưu trữ: Trung tâm Học liệu Trường Đại học Cần Thơ
LEADER 00652nam a2200217Ia 4500
001 CTU_129304
008 210402s9999 xx 000 0 und d
020 |c 130000 
082 |a 428.24 
082 |b D814ps 
100 |a Dubicka, Iwonna 
245 0 |a English for international tourism : 
245 0 |b Pre-intermadiate Students' book 
245 0 |c Iwonna Dubicka, Margaret O'Keeffe 
260 |a Harlow, England 
260 |b Pearson Education Limited 
260 |c 2003 
650 |a Tourism,English language 
650 |x Terminology,Textbooks for foreign speakers 
904 |i Minh 
980 |a Trung tâm Học liệu Trường Đại học Cần Thơ